1614 1716 1408 1920 1202 1081 1157 1360 1669 1884 1780 1197 1390 1327 1339 1600 1360 1866 1073 1887 1775 1408 1818 1752 1921 1266 1882 1749 1566 1656 1986 1859 1571 1112 1509 1922 1968 1216 1097 1272 1604 1718 1002 1758 1542 1474 1669 1874 1056 1885 1986 1850 1135 1740 1034 1250 1551 1124 1435 1122 1294 1505 1928 1202 1365 1549 1894 1304 1465 1261 1055 1138 1479 1159 1143 1892 1878 1401 1776 1789 1691 1491 1736 1613 1838 1701 1384 1499 1100 1777 1941 1683 1065 1623 1687 1981 1749 1963 1266 BCNSPRNW ULIB Ver.6.0+V

เปลี่ยนเป็นภาษาไทย

Change to English
 แสดงรายละเอียดบรรณานุกรม
  กลับหน้าหลัก

Brief Record : Get Marc (ISO 2709) : E-mail record : QR code < ปิดหน้าต่าง
LEADER : 00000nam 2200000uu 4500
001    13399127411
003     ULIB
008    020711s2559 th a 000 0 tha d
020    ู^a9786162665301
050  0 ^aนว^bน196บ
100    ^aนภัค
245    ^aบรรณาการรักซาตาน
250    ^aพิมพ์ครั้งที่ 1
260    ^aกรุงเทพฯ :^bอินเลิฟ พับลิชชิ่ง คอร์เปอร์เรชั่น จำกัด,^c2559
300    ^a382 หน้า;^b21 ซม.
650    ^aนวนิยาย
945    ^p349^l0^i007085
999    ^aประนอม เกษจรัล
รายการนี้ยังไม่มีแท็ก
คุณยังไม่ได้ล็อกอิน คุณสามารถมีกิจกรรมร่วมกับเว็บไซต์ได้ แต่ต้องล็อกอินก่อน ::
  ล็อกอิน

รายการสื่อสารสนเทศ

ลำดับที่ ประเภท เลขเรียก/บาร์โค้ด สถานที่ สถานะ
1. นวนิยาย
นวนิยาย
นว น196บ ฉ.1 
  Barcode: 007085
ห้องสมุดวิทยาเขตสวรรค์ประชารักษ์
►หนังสือทั่วไป
บนชั้น

รายการใกล้เคียง
    หัวเรื่อง [นวนิยาย]

BibComment


ยังไม่เคยถูกคอมเมนท์

คอมเมนท์ทรัพยากรรายการนี้
  คอมเมนท์: บรรณาการรักซาตาน


 Copyright 2026. Bcnsprnw @Library